01429nam a2200241 4500001000800000007000300008008004100011040000800052041000800060100003700068245004900105300002400154520059400178650002300772650002600795653001700821700005000838700003400888700004100922773017600963942003101139999001701170ESSALUDta t2024 sp ||||| |||| 00| 0 spa d aBMG aspa aMedina de Alba, L.eautor948332 aProtocolo diagnóstico de las poliglobulias apáginas 1266-1269 aLa poliglobulia o eritrocitosis es el aumento de hemoglobina o masa eritrocitaria. Se considera aumento presentar más de 16,5g/dl de hemoglobina en varones y más de 16g/dl en mujeres. La eritropoyetina producida a nivel renal es la encargada de regular la eritropoyesis. La policitemia vera es la eritrocitosis primaria o independiente de eritropoyetina más destacada; las eritrocitosis secundarias o dependientes de eritropoyetina son debidas a múltiples causas. El diagnóstico etiológico de la poliglobulia es fundamental para el tratamiento y seguimiento de estos pacientes. aPOLICITEMIA940258 aERITROPOYETINA948333 aPOLIGLOBULIA aCarreño Gómez-Tarragona, G.eautor948334 aMas Babío, R.eautor948335 aMartínez López, J.eautor9402840 015325921712dBarcelona ElsevieroMED136tMedicine: Programa sistemático de actualización en medicina y protocolos de práctica clínicaw(ESSALUD)ESSALUDx0304-5412 cARTICULOSe2024-12-13zAFC c20913d20913